Inauguración de nuevos servicios en la Casa de Maternidad
Colección:
San Jorge,
; núm. 9 (gener 1953), pàg 77-78
MARC
| LEADER | 00000nam a2200000Ia 4500 | ||
|---|---|---|---|
| 008 | 160829s9999 xx 000 0 cat d | ||
| 245 | |a Inauguración de nuevos servicios en la Casa de Maternidad | ||
| 490 | |a San Jorge, |v núm. 9 (gener 1953), pàg 77-78 | ||
| 610 | 1 | 0 | |a Casa de Maternitat i Expòsits de Barcelona |x Serveis sanitaris |9 54748 |
| 773 | |g Núm. 9 (gener 1953), pàg 77-78 |t San Jorge. | ||
| 901 | |a Arxiu | ||
| 942 | |n 1 |2 udc |c ART | ||
| 952 | |0 0 |1 0 |4 0 |6 REV508 |7 1 |9 64336 |a Arxiu |b Arxiu |d 2022-11-23 |o Rev-508 |r 2022-11-23 00:00:00 |w 2022-11-23 |y ARXIU |z També disponible a Rev-522 | ||
| 999 | |c 49078 |d 49078 | ||